000 00934nam0a22002411 4500
001 v19\rc\1615301
005 20260406220958.0
035 _a(NLR Aleph) 004733963
090 _a4461462
_c4461462
100 _a20061002d1898 |||y0rusy50 ca
101 0 _arus
102 _aRU
105 _ay z |||||
200 1 _aИнструкция г.г. служащим ... Амурского общества пароходства и торговли
210 _aСанкт-Петербург
_d1898
215 _a81 с.
532 1 2 _aИнструкция господам служащим Амурского общества пароходства и торговли
710 0 2 _aАмурское общество пароходства и торговли
_cПетербург
_3RU\NLR\AUTH\889975580
_9448023
801 0 _aRU
_bNLR
_gpsbo
801 1 _aRU
_bProSoft-M
_2rusmarc
852 _aNLR
_j18.287.4.193
942 _cBOOK
980 _aNB